Industrial Law / (Record no. 63500)
[ view plain ]
| 000 -LEADER | |
|---|---|
| fixed length control field | 00823nam a22001937a 4500 |
| 005 - DATE AND TIME OF LATEST TRANSACTION | |
| control field | 20120227125813.0 |
| 020 ## - INTERNATIONAL STANDARD BOOK NUMBER | |
| International Standard Book Number | 8170126657 |
| Terms of availability | 990.00 (per set of 2 vols.) |
| 035 ## - SYSTEM CONTROL NUMBER | |
| System control number | B-27218 |
| 035 ## - SYSTEM CONTROL NUMBER | |
| System control number | B-27217 |
| 037 ## - SOURCE OF ACQUISITION | |
| Stock number | DPL |
| Source of stock number/acquisition | ENG |
| 100 ## - MAIN ENTRY--PERSONAL NAME | |
| Personal name | Malik, P. L. |
| 245 ## - TITLE STATEMENT | |
| Title | Industrial Law / |
| Statement of responsibility, etc | by P L Malik |
| 250 ## - EDITION STATEMENT | |
| Edition statement | 18th ed. Vol.I and Vol.II |
| 260 ## - PUBLICATION, DISTRIBUTION, ETC. (IMPRINT) | |
| Place of publication, distribution, etc | Lucknow |
| Name of publisher, distributor, etc | Eastern Book Company |
| Date of publication, distribution, etc | 2001 |
| 300 ## - PHYSICAL DESCRIPTION | |
| Extent | various pages |
| Dimensions | 20 cms. |
| 942 ## - ADDED ENTRY ELEMENTS (KOHA) | |
| Source of classification or shelving scheme | Dewey Decimal Classification |
| Item type | English Books |
| Classification part | 343.54072 |
| Call number suffix | MAL |
| Withdrawn status | Lost status | Not for loan | Collection code | Home library | Current library | Date acquired | Cost, normal purchase price | Full call number | Barcode | Cost, replacement price | Koha item type | Materials specified (bound volume or other part) |
|---|---|---|---|---|---|---|---|---|---|---|---|---|
| Non-fiction | Sarojini Nagar | Sarojini Nagar | 27/02/2012 | 990.00 | 343.54072 MAL | B-27218 | 990.00 | English Books | ||||
| Non-fiction | Sarojini Nagar | Sarojini Nagar | 25/05/2012 | 990.00 | 343.54072 MAL | B-27217 | 990.00 | English Books | Vol.I |
